000 00325nam a2200133Ia 4500
008 151001s9999||||xx |||||||||||||| ||und||
100 _aसानेगुरुजी
245 _aश्यामची आई
250 _a3
260 _bदिलीपराज
260 _c2013
300 _a48
365 _b21
999 _c1000099
_d1000096